Una nota sobre el desarrollo de las ciencias sociales en América Latina /
Сохранить в:
| Главный автор: | |
|---|---|
| Формат: | Текст |
| Метки: |
Добавить метку
Нет меток, Требуется 1-ая метка записи!
|
MARC
| LEADER | 00000 a a2200000 04500 | ||
|---|---|---|---|
| 001 | 48848 | ||
| 003 | |||
| 040 | |||
| 100 | |a Yocelevzky, Ricardo | ||
| 245 | |a Una nota sobre el desarrollo de las ciencias sociales en América Latina / |c Ricardo Yocelevzky | ||
| 773 | |g volumen23, número45, (2015), páginas 203-222 | ||
| 999 | |c 38582 |d 38582 | ||
